000 00827nam a2200241Ia 4500
003 GCL
008 140319s9999 xx 000 0 ara d
020 _a4221305977
040 _aGCL /
_cGCL
082 0 4 _a791.43
_bر ن
100 1 _aرشيدة الشافعى
245 1 0 _aنصحى اسكندر ..... والنقش على السيلولويد /
_cرشيدة الشافعى
250 _aالاولى
260 _aالقاهرة :
_bوزارة الثقافة - صندوق التنمية الثقافية ،
_c2000
300 _a169ص ؛
_c20سم
650 0 4 _aالسينما
650 0 4 _aالسينما - مصر
650 0 4 _aالرسوم المتحركة
650 0 4 _aالصور المتحركة
650 0 4 _aالافلام السينمائية - مصر
650 0 4 _aنصحى اسكندر
942 _2ddc
_cBK
999 _c7829
_d7829